[Event "Saratov Winter Cup"]
[Site "Saratov"]
[Date "2013.01.14"]
[Round "3"]
[White "Fedukin, Alexandre"]
[Black "Eramian, Gamlet"]
[Result "1-0"]
[WhiteElo "1852"]
[BlackElo "2033"]
[PlyCount "73"]
[EventDate "2013.01.12"]
[EventType "swiss"]
[EventRounds "9"]
[EventCountry "RUS"]
[SourceTitle "CBM 152 Extra"]
[Source "ChessBase"]
[SourceDate "2013.02.25"]
[SourceVersion "1"]
[SourceVersionDate "2013.02.25"]
[SourceQuality "1"]

1. c4 c5 2. Nf3 g6 3. d4 cxd4 4. Nxd4 Bg7 5. e4 Nc6 6. Be3 Nf6 7. Nc3 0-0 8. Be2 d6 9. Qd2 Ng4 10. Bxg4 Bxg4 11. 0-0 Rc8 12. b3 Qa5 13. f4 Nxd4 14. Bxd4 Bxd4+ 15. Qxd4 e5 16. Qd3 exf4 17. Nd5 Qd8 18. Qd4 f5 19. h3 Bh5 20. Rxf4 Qg5 21. Raf1 Rcd8 22. Kh2 fxe4 23. Rxf8+ Rxf8 24. Rxf8+ Kxf8 25. Qh8+ Kf7 26. g4 Qd2+ 27. Kg3 Qe1+ 28. Kf4 Qf2+ 29. Kxe4 Qc2+ 30. Ke3 Qc1+ 31. Kd3 Qd1+ 32. Ke4 Qc2+ 33. Kf4 Qf2+ 34. Kg5 Qd2+ 35. Nf4 Qe3 36. Qf6+ Kg8 37. gxh5 1-0

[Event "Saratov Winter Cup"]
[Site "Saratov"]
[Date "2013.01.13"]
[Round "2"]
[White "Eramian, Gamlet"]
[Black "Dmitriev, Igor"]
[Result "0-1"]
[WhiteElo "2033"]
[BlackElo "2307"]
[PlyCount "86"]
[EventDate "2013.01.12"]
[EventType "swiss"]
[EventRounds "9"]
[EventCountry "RUS"]
[SourceTitle "CBM 152 Extra"]
[Source "ChessBase"]
[SourceDate "2013.02.25"]
[SourceVersion "1"]
[SourceVersionDate "2013.02.25"]
[SourceQuality "1"]

1. d4 Nf6 2. Nf3 c6 3. c4 d6 4. g3 Bg4 5. Bg2 e6 6. Nc3 Be7 7. 0-0 0-0 8. Qc2 Nbd7 9. e4 Qc7 10. b4 a5 11. b5 e5 12. Be3 Rfc8 13. Rac1 Qd8 14. Nh4 cxb5 15. Nxb5 exd4 16. Bxd4 Ne5 17. Bxe5 dxe5 18. Qb2 Rc5 19. Nf5 Bxf5 20. exf5 e4 21. Rfd1 Qb6 22. Qd4 Qc6 23. a3 h5 24. Qb2 Qb6 25. Qd4 Rd8 26. Qe3 Rxd1+ 27. Rxd1 Ng4 28. Qxe4 Nxf2 29. Kxf2 Re5+ 30. Kf1 Rxe4 31. Bxe4 Qe3 32. Re1 Qd2 33. Bd5 Bc5 34. Re2 Qd1+ 35. Re1 Qc2 36. Re8+ Kh7 37. Ke1 Qf2+ 38. Kd1 Be3 39. Rxe3 Qxe3 40. Nd6 Qg1+ 41. Ke2 Qxh2+ 42. Kf3 h4 43. Ne4 f6 0-1

[Event "Saratov Region-ch"]
[Site "Saratov"]
[Date "2012.06.05"]
[Round "8"]
[White "Darenkov, Mikhail"]
[Black "Eramian, Gamlet"]
[Result "1/2-1/2"]
[WhiteElo "2139"]
[BlackElo "2071"]
[PlyCount "89"]
[EventDate "2012.05.29"]
[EventType "swiss"]
[EventRounds "9"]
[EventCountry "RUS"]
[SourceTitle "CBM 148 Extra"]
[Source "ChessBase"]
[SourceDate "2012.06.22"]
[SourceVersion "1"]
[SourceVersionDate "2012.06.22"]
[SourceQuality "1"]

1. e4 c5 2. d4 cxd4 3. c3 dxc3 4. Nxc3 Nc6 5. Nf3 g6 6. Bc4 Bg7 7. Bf4 Nf6 8. e5 Nh5 9. Be3 0-0 10. Qe2 Nxe5 11. Nxe5 Bxe5 12. g4 Nf6 13. Bh6 Bxc3+ 14. bxc3 Re8 15. g5 Nh5 16. 0-0 e6 17. Rad1 Qc7 18. f4 Qc5+ 19. Rd4 b6 20. f5 Bb7 21. fxg6 hxg6 22. Qf2 Re7 23. Be2 Qc6 24. Bf3 Qxf3 25. Qxf3 Bxf3 26. Rxf3 Rc8 27. c4 Rd8 28. Rd6 Rc8 29. Rfd3 Rc7 30. R3d4 Ng7 31. Bxg7 Kxg7 32. Kg2 Rc5 33. h4 Ra5 34. Rd2 Ra4 35. Rc2 b5 36. cxb5 Rxh4 37. Rc7 Rg4+ 38. Kf3 Rxg5 39. a4 e5 40. Rdxd7 e4+ 41. Ke3 Rg3+ 42. Ke2 Rg2+ 43. Ke3 Rg3+ 44. Ke2 Rg2+ 45. Ke3 1/2-1/2

[Event "Saratov SSEU Cup 2nd Stage"]
[Site "Saratov"]
[Date "2012.05.19"]
[Round "9"]
[White "Iljushina, Olga"]
[Black "Eramian, Gamlet"]
[Result "1-0"]
[WhiteElo "2354"]
[BlackElo "2071"]
[PlyCount "37"]
[EventDate "2012.05.11"]
[EventType "swiss"]
[EventRounds "9"]
[EventCountry "RUS"]
[SourceTitle "EXT 2020"]
[Source "ChessBase"]
[SourceDate "2019.10.17"]
[SourceVersion "1"]
[SourceVersionDate "2019.10.17"]
[SourceQuality "1"]

1. d4 g6 2. Nf3 Bg7 3. c4 c5 4. d5 d6 5. Nc3 Nf6 6. e4 e6 7. dxe6 Bxe6 8. Bf4 Bf8 9. Qd2 Nh5 10. Be3 Be7 11. Bh6 Nc6 12. 0-0-0 Qa5 13. Kb1 a6 14. Nd5 Qxd2 15. Rxd2 Bxd5 16. exd5 Nd8 17. Re2 g5 18. g4 Nf4 19. Rxe7+ 1-0

[Event "Saratov-ch"]
[Site "Saratov"]
[Date "2012.02.29"]
[Round "5"]
[White "Eramian, Gamlet"]
[Black "Kvitka, Roman"]
[Result "1/2-1/2"]
[WhiteElo "2072"]
[BlackElo "1994"]
[PlyCount "31"]
[EventDate "2012.02.24"]
[EventType "swiss"]
[EventRounds "9"]
[EventCountry "RUS"]
[SourceTitle "CBM 147 Extra"]
[Source "ChessBase"]
[SourceDate "2012.04.24"]
[SourceVersion "1"]
[SourceVersionDate "2012.04.24"]
[SourceQuality "1"]

1. d4 Nf6 2. c4 c5 3. Nf3 cxd4 4. Nxd4 e5 5. Nc2 d5 6. cxd5 Qxd5 7. Qxd5 Nxd5 8. e4 Nb4 9. Nxb4 Bxb4+ 10. Bd2 Bxd2+ 11. Nxd2 Be6 12. Bc4 Bxc4 13. Nxc4 Nc6 14. 0-0 Ke7 15. Ne3 Rhd8 16. Rfd1 1/2-1/2

[Event "Saratov Winter Cup school"]
[Site "Saratov"]
[Date "2011.12.27"]
[Round "3.10"]
[White "Eramian, Gamlet"]
[Black "Fedukin, Alexandre"]
[Result "1-0"]
[WhiteElo "2072"]
[BlackElo "1864"]
[PlyCount "123"]
[EventDate "2011.12.26"]
[EventType "swiss"]
[EventRounds "9"]
[EventCountry "RUS"]
[SourceTitle "EXT 2022"]
[Source "ChessBase"]
[SourceDate "2021.10.06"]
[SourceVersion "1"]
[SourceVersionDate "2021.10.06"]
[SourceQuality "1"]

1. d4 e6 2. g3 c6 3. Bg2 d5 4. Bf4 Qb6 5. b3 Nf6 6. Nf3 Nbd7 7. 0-0 h6 8. c4 Ne4 9. Qc2 Ndf6 10. Nbd2 Nxd2 11. Bxd2 Ne4 12. Be3 Be7 13. Ne5 Nf6 14. c5 Qc7 15. b4 0-0 16. a4 a6 17. Bf4 Qd8 18. e4 dxe4 19. Nc4 Nd5 20. Qxe4 Nxf4 21. Qxf4 Bd7 22. Rfb1 Bf6 23. Nd6 b5 24. axb5 axb5 25. Nb7 Qb8 26. Rxa8 Qxa8 27. Na5 Rd8 28. Rd1 Be8 29. Qe4 Rc8 30. Ra1 Rd8 31. Rd1 Rc8 32. h3 Qa7 33. f4 Qd7 34. Kh2 Bd8 35. Ra1 Bf6 36. Nb3 Qd5 37. Qxd5 exd5 38. Ra7 Rd8 39. Bf3 Kh7 40. Kg2 g6 41. Kf2 Bd7 42. Bg4 Be8 43. h4 Kg7 44. Ke3 g5 45. fxg5 hxg5 46. h5 Kh6 47. Na5 Bg7 48. Ra6 Bd7 49. Nxc6 Bxc6 50. Rxc6+ f6 51. Rb6 Re8+ 52. Kd3 Ra8 53. c6 Ra7 54. Rb7 Ra3+ 55. Kc2 f5 56. c7 Bxd4 57. c8Q Rc3+ 58. Qxc3 Bxc3 59. Bxf5 g4 60. Kxc3 Kxh5 61. Bxg4+ Kxg4 62. Rxb5 1-0

[Event "Saratov Autumn Cup High School Property"]
[Site "Saratov"]
[Date "2011.10.15"]
[Round "8.2"]
[White "Eramian, Gamlet"]
[Black "Palin, Denis"]
[Result "1/2-1/2"]
[WhiteElo "2035"]
[BlackElo "2023"]
[PlyCount "46"]
[EventDate "2011.10.07"]
[EventType "swiss"]
[EventRounds "9"]
[EventCountry "RUS"]
[SourceTitle "EXT 2022"]
[Source "ChessBase"]
[SourceDate "2021.10.06"]
[SourceVersion "1"]
[SourceVersionDate "2021.10.06"]
[SourceQuality "1"]

1. d4 d5 2. Nf3 Nf6 3. c4 c6 4. Qc2 dxc4 5. Qxc4 Bf5 6. e3 e6 7. g3 Qd5 8. Qxd5 exd5 9. Be2 Be7 10. 0-0 Ne4 11. Nc3 0-0 12. Nxe4 Bxe4 13. Bd2 Nd7 14. b4 Nb6 15. Ne1 Nc4 16. Bxc4 dxc4 17. f3 Bd5 18. Ng2 f5 19. Bc3 Rfe8 20. Rae1 Rf8 21. Ra1 Rfe8 22. Rae1 Rf8 23. Ra1 Rfe8 1/2-1/2

[Event "Saratov Autumn Cup High School Property"]
[Site "Saratov"]
[Date "2011.10.13"]
[Round "6.1"]
[White "Efimov, Ivan"]
[Black "Eramian, Gamlet"]
[Result "1/2-1/2"]
[WhiteElo "2128"]
[BlackElo "2035"]
[PlyCount "83"]
[EventDate "2011.10.07"]
[EventType "swiss"]
[EventRounds "9"]
[EventCountry "RUS"]
[SourceTitle "EXT 2022"]
[Source "ChessBase"]
[SourceDate "2021.10.06"]
[SourceVersion "1"]
[SourceVersionDate "2021.10.06"]
[SourceQuality "1"]

1. d4 g6 2. Nf3 Bg7 3. g3 d6 4. Bg2 Nf6 5. 0-0 0-0 6. b3 c5 7. Bb2 cxd4 8. Nxd4 a6 9. a4 Qc7 10. Na3 Nc6 11. Nc4 Nxd4 12. Bxd4 Be6 13. Nb6 Rab8 14. c4 Nd7 15. Nd5 Bxd5 16. cxd5 Bxd4 17. Qxd4 Qc2 18. Qe3 Rfe8 19. Rac1 Qb2 20. Rc7 Nc5 21. Rxe7 Kf8 22. Rxe8+ Rxe8 23. Qf4 Qe5 24. Qb4 Qxe2 25. Qb6 Qe7 26. a5 Qd8 27. Qb4 Kg8 28. Qc3 Ne4 29. Qd4 f5 30. b4 Qc7 31. Re1 Qc2 32. f3 Nf6 33. Re6 Rxe6 34. dxe6 Ne8 35. h4 Qb3 36. Qb6 Qxe6 37. f4 Qe1+ 38. Kh2 Nf6 39. Qxd6 Ng4+ 40. Kh3 Nf2+ 41. Kh2 Ng4+ 42. Kh3 1/2-1/2

[Event "Saratov Autumn Cup High School Property"]
[Site "Saratov"]
[Date "2011.10.11"]
[Round "4.1"]
[White "Eramian, Gamlet"]
[Black "Biryukov, Dmitriy"]
[Result "1/2-1/2"]
[WhiteElo "2035"]
[BlackElo "2361"]
[PlyCount "61"]
[EventDate "2011.10.07"]
[EventType "swiss"]
[EventRounds "9"]
[EventCountry "RUS"]
[SourceTitle "EXT 2022"]
[Source "ChessBase"]
[SourceDate "2021.10.06"]
[SourceVersion "1"]
[SourceVersionDate "2021.10.06"]
[SourceQuality "1"]

1. d4 d6 2. g3 g6 3. Bg2 Bg7 4. c4 Nf6 5. Nf3 0-0 6. 0-0 Nc6 7. Nc3 a6 8. Qd3 Bd7 9. d5 Nb4 10. Qd1 a5 11. e4 e5 12. h3 Ne8 13. a3 Na6 14. Rb1 f5 15. b4 Nf6 16. Ng5 Qc8 17. Ne6 Bxe6 18. dxe6 f4 19. Nd5 Kh8 20. gxf4 exf4 21. Nxf4 axb4 22. axb4 g5 23. Nd5 Qxe6 24. b5 Nc5 25. Nxc7 Qxc4 26. Nxa8 Rxa8 27. Bxg5 Nfxe4 28. Be3 Be5 29. Bxc5 Nxc5 30. Qg4 Qa2 31. Qf3 1/2-1/2

[Event "Saratov Autumn Cup High School Property"]
[Site "Saratov"]
[Date "2011.10.10"]
[Round "3.2"]
[White "Gagarkine, Nikolay"]
[Black "Eramian, Gamlet"]
[Result "0-1"]
[WhiteElo "1927"]
[BlackElo "2035"]
[PlyCount "92"]
[EventDate "2011.10.07"]
[EventType "swiss"]
[EventRounds "9"]
[EventCountry "RUS"]
[SourceTitle "EXT 2022"]
[Source "ChessBase"]
[SourceDate "2021.10.06"]
[SourceVersion "1"]
[SourceVersionDate "2021.10.06"]
[SourceQuality "1"]

1. e4 c5 2. g3 g6 3. Bg2 Bg7 4. d3 Nc6 5. c3 e6 6. Nf3 Nge7 7. 0-0 d5 8. Nbd2 0-0 9. Re1 b5 10. Nf1 dxe4 11. dxe4 b4 12. Qxd8 Rxd8 13. e5 bxc3 14. bxc3 Nd5 15. Bg5 Re8 16. c4 Ndb4 17. Rad1 Rb8 18. Rd2 Na5 19. Ne3 Ba6 20. Rc1 h6 21. Bf6 Bxf6 22. exf6 Red8 23. Rxd8+ Rxd8 24. a3 Nbc6 25. Bf1 h5 26. h3 Nb3 27. Re1 Nbd4 28. Ng5 Ne5 29. Bg2 Nxc4 30. Nxc4 Bxc4 31. Ne4 Nb3 32. Bf3 Bd5 33. Rd1 Nd4 34. Bg2 Bxe4 35. Re1 Bxg2 36. Kxg2 Rc8 37. Re4 Nb5 38. a4 Nc3 39. Rc4 Nd5 40. a5 Nxf6 41. Kf3 Nd7 42. Ke2 Ne5 43. Rc3 Nc6 44. Ra3 c4 45. Kd2 Nd4 46. Ra1 Nb3+ 0-1

[Event "Saratov Spring Cup High School Prop. B"]
[Site "Saratov"]
[Date "2011.03.16"]
[Round "3.5"]
[White "Mamonov, Alexey"]
[Black "Eramian, Gamlet"]
[Result "0-1"]
[WhiteElo "1763"]
[BlackElo "1999"]
[PlyCount "76"]
[EventDate "2011.03.14"]
[EventType "tourn"]
[EventRounds "9"]
[EventCountry "RUS"]
[SourceTitle "EXT 2022"]
[Source "ChessBase"]
[SourceDate "2021.10.06"]
[SourceVersion "1"]
[SourceVersionDate "2021.10.06"]
[SourceQuality "1"]

1. Nf3 g6 2. d4 Bg7 3. g3 Nf6 4. Bg2 0-0 5. 0-0 d6 6. c4 c5 7. Nc3 Nbd7 8. dxc5 Nxc5 9. Be3 Be6 10. Bxc5 dxc5 11. Qb3 Rb8 12. Rac1 a6 13. Ng5 Qc8 14. Nxe6 Qxe6 15. e3 b5 16. cxb5 Qxb3 17. axb3 axb5 18. Bc6 c4 19. b4 Ng4 20. Rfd1 Bxc3 21. bxc3 Ne5 22. Be4 Rfd8 23. Rd4 f5 24. Bd5+ Kg7 25. Ra1 Rd6 26. Kg2 Kf6 27. Ra5 e6 28. Bf3 Rxd4 29. exd4 Nxf3 30. Kxf3 Rb6 31. Ra7 h6 32. h4 e5 33. dxe5+ Kxe5 34. Re7+ Kf6 35. Rd7 Ra6 36. Rb7 Ra3 37. Rxb5 Rxc3+ 38. Kf4 g5+ 0-1

[Event "Saratov Rating RSOCF"]
[Site "Saratov"]
[Date "2011.02.01"]
[Round "8.4"]
[White "Kvitka, Roman"]
[Black "Eramian, Gamlet"]
[Result "1-0"]
[WhiteElo "2064"]
[BlackElo "2032"]
[PlyCount "99"]
[EventDate "2011.01.24"]
[EventType "tourn"]
[EventRounds "11"]
[EventCountry "RUS"]
[SourceTitle "EXT 2022"]
[Source "ChessBase"]
[SourceDate "2021.10.06"]
[SourceVersion "1"]
[SourceVersionDate "2021.10.06"]
[SourceQuality "1"]

1. d4 g6 2. Nc3 Bg7 3. e4 d6 4. Be3 Nf6 5. f3 0-0 6. Qd2 Nbd7 7. 0-0-0 e5 8. d5 a6 9. Bh6 b5 10. h4 b4 11. Nce2 a5 12. Ng3 a4 13. h5 b3 14. cxb3 axb3 15. a3 Ba6 16. hxg6 fxg6 17. Bxg7 Kxg7 18. Qh6+ Kg8 19. Nh3 Bxf1 20. Nxf1 Nc5 21. Ng5 Qd7 22. Ne3 Qg7 23. Kb1 Rae8 24. Nc4 Ra8 25. Rc1 Rfe8 26. Rh2 Qxh6 27. Rxh6 Re7 28. Rch1 Ra4 29. Rc1 Kg7 30. Rhh1 h6 31. Nh3 Nh5 32. Rc3 Ng3 33. Re1 Re8 34. Nf2 Nh5 35. Nh3 Ng3 36. Ng1 Rb8 37. Nxe5 Re8 38. Nd3 Nxd3 39. Rxd3 Nh5 40. Ne2 Nf6 41. Nf4 Kf7 42. Rc1 Re7 43. Rxb3 Rd4 44. Rb7 g5 45. Ne6 Rd2 46. Rcxc7 Ng8 47. a4 Rxg2 48. a5 Rxc7 49. Rxc7+ Kf6 50. a6 1-0

[Event "Saratov Rating RSOCF"]
[Site "Saratov"]
[Date "2011.01.25"]
[Round "2.1"]
[White "Fedorov, Oleg An"]
[Black "Eramian, Gamlet"]
[Result "1-0"]
[WhiteElo "1850"]
[BlackElo "2032"]
[PlyCount "83"]
[EventDate "2011.01.24"]
[EventType "tourn"]
[EventRounds "11"]
[EventCountry "RUS"]
[SourceTitle "EXT 2022"]
[Source "ChessBase"]
[SourceDate "2021.10.06"]
[SourceVersion "1"]
[SourceVersionDate "2021.10.06"]
[SourceQuality "1"]

1. d4 g6 2. Nf3 Bg7 3. c3 d6 4. Bg5 Bg4 5. e3 Nd7 6. Be2 c5 7. Nbd2 cxd4 8. exd4 Ngf6 9. 0-0 0-0 10. Qb3 Qb6 11. Rfe1 e6 12. h3 Bxf3 13. Bxf3 d5 14. Bf4 a5 15. Qxb6 Nxb6 16. Be2 Rfc8 17. a4 h5 18. Bb5 Kh7 19. Nf3 Bh6 20. Ng5+ Kg7 21. Nxe6+ fxe6 22. Bxh6+ Kxh6 23. Rxe6 Nbd7 24. Rd6 Rd8 25. Re1 Kg5 26. Re7 Re8 27. Rxe8 Rxe8 28. Bxd7 Re1+ 29. Kh2 Nxd7 30. Rxd7 Re2 31. Rxd5+ Kf4 32. Rxa5 Rxf2 33. Rb5 g5 34. Rxb7 Rd2 35. a5 g4 36. hxg4 hxg4 37. Rf7+ Kg5 38. a6 Rxb2 39. a7 Ra2 40. d5 Kh4 41. Rh7+ Kg5 42. d6 1-0